000 00751cam a2200241Ia 4500
008
020 _a1853393460 (paperback)
040 _aNUST
_cNUST
049 _aMAIN
090 _aTJ900
_bFRA
100 1 _aFraenkel, Peter.,
_aauthor.
245 1 0 _aWater-pumping devices :
_ba handbook for users and choosers /
_cPeter Fraenkel.
250 _a2nd ed.
260 _aLondon :
_bIntermediate Technology,
_c1997.
300 _a254 p. :
_bill., maps ;
_c25 cm.
504 _aIncludes bibliographical references.
650 0 _aIrrigation pumps.
650 0 _aIrrigation pumps
_xPower supply.
907 _a.b10022260
_b30-03-22
_c17-04-03
003
005 20230123133953.0
942 _cBOOKS
_kTJ900
_mFRA
999 _c157769
_d157769